Score 0/20 Timer 03:00
0 Plays Today
Actor Missing word % Correct
Anthony Michael Hall
(Brian Johnson)
Edward
97.3%
Molly Ringwald
(Claire Standish)
Pretty
96.2%
Judd Nelson
(John Bender)
Day
94.3%
Ally Sheedy
(Allison Reynolds)
Fire
93.2%
Anthony Michael Hall
(Brian Johnson)
National
92.9%
Emilio Estevez
(Andrew Clark)
Work
90.8%
Emilio Estevez
(Andrew Clark)
Mighty
88.7%
Molly Ringwald
(Claire Standish)
Candles
88.4%
Anthony Michael Hall
(Brian Johnson)
Science
87.4%
Emilio Estevez
(Andrew Clark)
Man
87.3%
Actor Missing word % Correct
Anthony Michael Hall
(Brian Johnson)
Dark
83%
Ally Sheedy
(Allison Reynolds)
Only
77.5%
Ally Sheedy
(Allison Reynolds)
Heart
70.9%
Emilio Estevez
(Andrew Clark)
Young
70.8%
Judd Nelson
(John Bender)
Strike
66.9%
Judd Nelson
(John Bender)
Lake
66.6%
Molly Ringwald
(Claire Standish)
Rich
65.8%
Judd Nelson
(John Bender)
Bad
59.5%
Molly Ringwald
(Claire Standish)
Artist
54.6%
Ally Sheedy
(Allison Reynolds)
Apocalypse
23.4%

Today's Daily Dose

Remove Ads.
Support Sporcle.
Get the best of Sporcle when you Go Orange. This ad-free experience offers more features, more stats, and more fun while also helping to support Sporcle. Thank you for becoming a member.

You're not logged in!

Compare scores with friends on all Sporcle quizzes.
OR
Log In

Show Comments

Extras

Top Quizzes Today


Score Distribution

Your Account Isn't Verified!

In order to create a playlist on Sporcle, you need to verify the email address you used during registration. Go to your Sporcle Settings to finish the process.

Report this User

Report this user for behavior that violates our Community Guidelines.

Details: